000 00675nam a22002057a 4500
003 OSt
005 20260413092614.0
008 260413b |||||||| |||| 00| 0 eng d
020 _a 9781471521409
082 _2 9781471521409
_b 9781471521409
100 _a Virginia Evans y Jenny Dooley.
245 _aOn Screen B1+
_bWorkbook + Grammar Book
250 _a1ª Edic
260 _aNewbury, Reino Unido.
_bExpress Publishing
_c2014 y 2015
300 _a192 pág
_bA4
_c 29,7 cm. x 21 cm.
490 _3papel offset blanco de alta calidad
650 _aPeople & Relationships.
_vSurvival & Disasters
_xWork
700 _a Virginia Evans y Jenny Dooley.
942 _2ddc
_cBKA
_n0
999 _c2068
_d2068